000 00603nam a2200205Ia 4500
005 20250508162133.0
008 008 250505s9999 xx 000 0 eng d
037 _aTextual
040 _aFEDL
_beng
_cFEDL
041 _aeng
_2eng
084 _a370.9669, THA
_qFEDL
100 _aThakur A S
_9306121
245 0 _aShort history of education in Nigeria
260 _aDelhi, India
_bNational Publishing House
_c1980
300 _aviii,102p
650 _aEducation - Nigeria
_9769266
700 _a Ezenne A N
_9772401
942 _cTEXL
_h370.9669, THA
999 _c1374596
_d1374596